|
|
|
|
| LEADER |
00000cab a2200000 a 4500 |
| 003 |
Ucuenca |
| 005 |
20230308202300.0 |
| 008 |
005011| ||||||||r|||||||||||spa|| |
| 022 |
|
|
|a 0124-5996
|
| 040 |
|
|
|b spa
|
| 041 |
0 |
|
|a spa
|
| 082 |
0 |
|
|a 330.5
|b U48r
|
| 100 |
1 |
|
|a Mill, John Stuart
|9 10014
|
| 245 |
|
|
|a Contenido y alcance de la educación liberal
|c John Stuart Mill
|h imp
|
| 264 |
|
|
|a Tumaco
|b Universidad Externado de Colombia
|c 2004
|
| 300 |
|
|
|a páginas: 209-228
|
| 362 |
|
|
|a vol. 6; no. 11 (segundo semestre 2004)
|
| 504 |
|
|
|a incl. ref.
|
| 650 |
|
|
|a Educacion liberal
|9 17117
|
| 650 |
|
|
|a Revista de economia institucional
|9 206742
|
| 852 |
|
|
|a UC-CDJBV
|f Donación
|l 1
|m General
|p 20050117
|r 2
|b 0
|d CDRC
|e CDRC
|g 330.5 U48r TERCER PISO (SECCION REVISTAS)
|z 2005-50-11
|
| 942 |
|
|
|c SERA
|
| 773 |
0 |
|
|0 151806
|9 137519
|a Universidad Externado de Colombia
|d Tumaco Universidad Externado de Colombia 2004
|o 103691
|t Revista de Economía Institucional
|x 0124-5996
|
| 999 |
|
|
|c 101307
|d 101307
|